000 00465nam a22001697a 4500
999 _c525270
_d525270
003 NUST
038 _awaseem
082 _a891.4301
_bBUT
100 _aButt, Mahmood-ul-Hassan
_916010
245 _aPakistani Zubanay /
_cMahmood-ul-Hassan Butt
260 _aIslamabad :
_bA.I.O.U,
_c2009.
300 _a587 p. ;
500 _aHardcover.
880 _6100-01\r
_aمحمودالحسن بٹ
880 _6245-02\r
_aپاکستانی زبانیں /
942 _2ddc
_cBK